| 000 | 00487nam a2200181Ia 4500 | ||
|---|---|---|---|
| 003 | GCL | ||
| 008 | 140319s9999 xx 000 0 eng d | ||
| 040 |
_aGCL / _cGCL |
||
| 082 | 0 | 4 |
_a892.71 _bA L |
| 100 | 1 | _aASCAD E. KHAIRALLAH | |
| 245 | 1 | 0 |
_aLOVE, MADNESS, AND POETRY / _cASCAD E. KHAIRALLAH |
| 260 |
_a[S.N] : _bORIENT INSTITUT DMG ، _c1980 |
||
| 300 | _a192 PP | ||
| 650 | 0 | 4 | _aHISTORY AND CRITICISM |
| 650 | 0 | 4 | _aARABIC LITERATURE |
| 650 | 0 | 4 | _aARABIC POETRY |
| 942 |
_2ddc _cBK |
||
| 999 |
_c19117 _d19117 |
||